000 00666nam a2200229Ia 4500
003 GCL
008 140319s9999 xx 000 0 ara d
040 _aGCL /
_cGCL
082 0 4 _a811.1
_bا ش
100 1 _aكامل سليمان
245 1 0 _aشرح ديوان الاعشى /
_cكامل سليمان
700 1 _aالاعشى، ميمون بن قيس
260 _a[S.N] :
_bدار الكتاب اللبنانى
300 _a224 ص
490 _a
650 0 4 _aالشعر العربى
650 0 4 _aالادب العربى
650 0 4 _aالعصر الجاهلى
650 0 4 _aدواوين وقصائد
650 0 4 _aالاعشى
942 _2ddc
_cBK
999 _c35129
_d35129